| 000 | 00457nam a2200133Ia 4500 | ||
|---|---|---|---|
| 008 | 170221s9999 xx 000 0 und d | ||
| 100 | _aWei Guo | ||
| 245 | 2 | _aA Parallel Transmission MAC Protocol in Hybrid VLC-RF Network | |
| 245 | _cWei Guo, Qing Li, Hong-yi Yu, and Jian-hui Liu. | ||
| 260 | _bJournal of Communications | ||
| 650 | _xCommunication | ||
| 650 | _xMedia Arts | ||
| 856 | _uhttp://www.jocm.us/index.php?m=content&c=index&a=lists&catid=141 | ||
| 999 |
_c312654 _d312654 |
||